|
|
|
|
| LEADER |
00000nam a2200000 a 4500 |
| 001 |
vtls001331482 |
| 003 |
SK-MaSNL |
| 005 |
20260301200438.0 |
| 008 |
240314s1997 pl a pol |
| 020 |
|
|
|a 8372000085
|c b.c.
|
| 035 |
|
|
|a SNK000284365
|
| 035 |
|
|
|a urn:nbn:sk:snk-amyhrz
|
| 035 |
|
|
|a urn:nbn:sk:snk-am00ckp7
|
| 035 |
|
|
|a 5FCBAB51-CA20-404E-BF48-2457A5856ABE
|
| 040 |
|
|
|a SNK
|b slo
|c SNK
|e AACR2
|
| 041 |
0 |
|
|a pol
|
| 044 |
|
|
|a PL
|
| 080 |
|
|
|a 796.54(084.12)
|2 1981
|
| 100 |
1 |
|
|a McManners, Hugh
|4 aut
|9 45666
|
| 245 |
1 |
0 |
|a Szkoła przetrwania
|c Hugh McManners ; [tłumaczenie: Marek Jannasz]
|
| 250 |
|
|
|a 2. wyd.
|
| 260 |
|
|
|a Warszawa
|b Muza SA
|c 1997
|e Martin
|f Neografia
|
| 300 |
|
|
|a 192 s.
|c 29 cm
|
| 650 |
0 |
7 |
|a príroda
|x bivakovanie
|x podmienky núdzové
|x príručky
|2 SNK
|9 579635
|
| 919 |
|
|
|a 83-7200-008-5
|
| 999 |
|
|
|c 890521
|d 892451
|
| 952 |
|
|
|t P60, <03>, [BOOK], {603}
|a SNK
|b SNK
|y PREZ
|7 0
|p 17A0140935
|o snkSB 58828
|i snkKSP 5315/98
|0 0
|1 0
|4 0
|d 1998-05-20
|f 1
|l 0
|r 2017-06-30 00:00:00
|w 2026-02-24
|